| 000 | 00000nam##2200000za#4500 |
| 001 | 9.523720 |
| 003 | CaOODSP |
| 005 | 20210615083025 |
| 007 | ta |
| 008 | 150406|1994||||xxc||||| f|0| 0 eng|d |
| 020 | |a0-660-59111-1 |
| 022 | |a0706-148X |
| 040 | |aCaOODSP|beng |
| 041 | |aeng |
| 041 | |afre |
| 043 | |an-cn--- |
| 086 | 1 |aS52-2/224-1994 |
| 110 | 1 |aCanada.|bPublic Works and Government Services Canada. |bTranslation Services. |
| 245 | 10|aCorrectional administration vocabulary / |cby Estelle Beauregard. |
| 260 | |aOttawa - Ontario : |bPublic Works and Government Services Canada. |c1994. |
| 300 | |a325p. ; |c22 cm. |
| 490 | 1 |aTerminology bulletin|x0706-148X|v224 |
| 500 | |a"A revised and expanded version of the 1985 Corrections Glossary, a Terminology Series publication containing terms which became outdated once a number of acts were passed and correctional reform completed in 1992."--Introduction. |
| 520 | 3 |aA revised and expanded version of the 1985 "Corrections Glossary", this vocabulary consists of a bilingual listing of 1,800 terms. Includes terms from the new "Corrections and Conditional Release Act and Regulations", and from recent criminal law publications. Terminology Bulletin 224. |
| 546 | |aBilingual |
| 563 | |aSoftcover |
| 590 | |a94-14|b1994-04-08 |
| 690 | 07|aTerminology|2gcpds |
| 690 | 07|aCriminal justice|2gcpds |
| 720 | 1 |aBeauregard, Estelle |
| 776 | 0#|tVocabulaire de l'administration correctionnelle / |w(CaOODSP)9.590560 |
| 792 | |tVocabulaire de l'administration correctionnelle / |efre|w(CaOODSP)9.523721 |
| 830 | #0|aTerminology bulletin,|x0706-148X|v224|w(CaOODSP)9.509598 |